| 000 | 00624nam a22001817a 4500 | ||
|---|---|---|---|
| 999 |
_c59818 _d59818 |
||
| 005 | 20230424124726.0 | ||
| 008 | 230424s2019 enk||||| |||| 00| 0 eng d | ||
| 020 | _a9781138625976x | ||
| 041 | _aeng | ||
| 080 | _a615.009+159 R-37 | ||
| 100 |
_aReiter, Michael D. _917757 |
||
| 245 |
_aSubstance Abuse and the Family: _bAssessment and Treatment _cMichael D. Reiter. |
||
| 264 |
_aNew York : _bRoutledge, _c2019. |
||
| 300 |
_a428 p. : _bill. _c23 cm. |
||
| 653 | _aნარკოტიკების ბოროტად გამოყენება | ||
| 653 | _aმკურნალობა | ||
| 942 |
_2udc _cBK |
||